1998 1289 1245 1440 1296 1369 1103 1167 1618 1747 1974 1658 1725 1275 1696 1591 1008 1775 1856 1952 1998 1485 1102 1018 1583 1627 1376 1703 1426 1076 1136 1816 1549 1399 1805 1556 1672 1904 1692 1496 1688 1831 1408 1165 1511 1957 1910 1793 1363 1863 1542 1970 1460 1990 1796 1426 1609 1548 1791 1851 1955 1949 1580 1323 1933 1110 1606 1690 1954 1217 1164 1233 1901 1790 1495 1994 1447 1314 1684 1971 1825 1091 1160 1495 1460 1864 1356 1398 1879 1949 1829 1824 1884 1303 1776 1184 1354 1030 1056 BCNSPRNW ULIB Ver.6.0+V

เปลี่ยนเป็นภาษาไทย

Change to English
 แสดงรายละเอียดบรรณานุกรม
  กลับหน้าหลัก

Brief Record : Get Marc (ISO 2709) : E-mail record : QR code < ปิดหน้าต่าง
LEADER : 00000nam 2200000uu 4500
001    13399109862
003     ULIB
008    110412s2552||||th 000 0 tha d
020    9786167183305
060 04 WC510^bส888ห 2552
100 0  เสกสันต์ ชัยนันท์สมิตย์
245 10 หวัดเรื้อรัง =^bChronic rhinitis /^cเสกสันต์ ชัยนันท์สมิตย์
246 31 Chronic rhinitis
250    พิมพ์ครั้งที่ 1
260    ขอนแก่น :^bคณะแพทยศาสตร์ มหาวิทยาลัยขอนแก่น,^c2552
300    ก-ฉ, 224 หน้า :^bภาพประกอบ ;^c27 ซม.
504    มีบรรณานุกรมและดรรชนี
536    ได้รับทุนสนับสนุนการผลิตตำรา มหาวิทยาลัยขอนแก่น พ.ศ. 2550ลำดับที่ 12
650  7 จมูก, โรค
650  7 หวัด, โรค
710 2  มหาวิทยาลัยขอนแก่น. ^bคณะแพทยศาสตร์. ^bภาควิชาโสต ศอนาสิกวิทยา
945    ^p200^l0^i028144
945    ^p200^l0^i028142
945    ^p200^l0^i028141
945    ^p200^l0^i028140
945    ^p200^l0^i028139
945    ^p200^l0^i028143
945    ^p200^l0^i028138
995    ทศพร
999 ^a ใช้งานได้ทุกระบบ
รายการนี้ยังไม่มีแท็ก
คุณยังไม่ได้ล็อกอิน คุณสามารถมีกิจกรรมร่วมกับเว็บไซต์ได้ แต่ต้องล็อกอินก่อน ::
  ล็อกอิน

รายการสื่อสารสนเทศ

ลำดับที่ ประเภท เลขเรียก/บาร์โค้ด สถานที่ สถานะ
- ไม่พบข้อมูล -

รายการใกล้เคียง
    ผู้แต่ง [เสกสันต์ ชัยนันท์สมิตย์]

    หัวเรื่อง [จมูก, โรค]
    หัวเรื่อง [หวัด, โรค]

BibComment


ยังไม่เคยถูกคอมเมนท์

คอมเมนท์ทรัพยากรรายการนี้
  คอมเมนท์: หวัดเรื้อรัง Chr..


 Copyright 2026. Bcnsprnw @Library